[Event "HUN-chT 2017-18"]
[Site "Budapest"]
[Date "2018.05.05"]
[Round "8"]
[White "Nagy, Gabor"]
[Black "Hera, Imre Jr"]
[Result "1/2-1/2"]
[WhiteElo "2478"]
[BlackElo "2620"]
[Annotator "TA"]
[PlyCount "37"]
[EventDate "2018.??.??"]
[EventType "team-tourn"]
[EventCountry "HUN"]
[SourceTitle "playchess.com"]
[Source "ChessBase"]
[SourceQuality "1"]

{[%evp 21,29,38,101,94,111,88,77,63,74,59]} 1. Nf3 Nf6 2. c4 d6 3. d4 Nbd7 4. Nc3 g6 5. e4 e5 6. Be2 Bg7 7. O-O O-O 8. Qc2 Re8 9. Rd1 c6 10. Rb1 Qe7 11. d5 {E94: King's Indian: Classical: 6 Be2 e5 7 0-0: Various Black 7th moves} c5 {LiveBook: 5 Games} (11... cxd5 $14 12. cxd5 a6) 12. a3 Rf8 (12... Nh5 13. b4 b6 14. g3 h6 15. Be3 Nhf6 16. Kg2 Rf8 17. Re1 Ng4 18. Bd2 Ngf6 19. Be3 Ng4 20. Bd2 Ngf6 {½-½ (20) Bui,V (2449)-Czebe,A (2479) Budapest 2010}) 13. Ne1 Ne8 14. Nd3 f5 15. b4 {Predecessor:} b6 $146 16. Bf3 Ndf6 17. Re1 fxe4 18. Nxe4 Nxe4 19. Bxe4 {½-½ (32) Bilobrk,F (2368)-Filipovic,M (2351) Sibenik 2010} 1/2-1/2

[Event "HUN-chT 2017-18"]
[Site "Budapest"]
[Date "2018.05.05"]
[Round "8"]
[White "Kallai, Gabor"]
[Black "Berkes, Ferenc"]
[Result "0-1"]
[WhiteElo "2473"]
[BlackElo "2670"]
[Annotator "TA"]
[PlyCount "78"]
[EventDate "2018.??.??"]
[EventType "team-tourn"]
[EventCountry "HUN"]
[SourceTitle "playchess.com"]
[Source "ChessBase"]
[SourceQuality "1"]

{[%evp 17,78,21,22,10,9,0,0,0,12,0,11,0,0,0,0,0,33,8,0,0,0,0,0,0,0,-7,-5,-36,-28,-33,-32,-44,-12,-26,-22,-52,-43,-43,-45,-53,-70,-90,-59,-65,-72,-45,-42,-60,-55,-95,-102,-97,-95,-169,-169,-154,-62,-68,-10,-325,-316,-315,-313]} 1. d4 Nf6 2. Nf3 c5 3. e3 b6 4. Be2 g6 5. O-O Bg7 6. c4 O-O 7. Nc3 d6 8. b3 Bb7 9. Bb2 e6 10. Qd2 {E61: King's Indian: Early deviations for White, including Smyslov System} (10. Rc1 a6 11. Qc2 Qc7 12. Rfd1 Nbd7 13. h3 Rfe8 14. a3 Rac8 15. Qb1 Qb8 16. Qa1 cxd4 17. Nxd4 Nc5 {1-0 (46) Koneru,H (2607)-Hou,Y (2629) Beijing 2013}) 10... Qe7 11. Rfd1 Rd8 12. Rac1 {The position is equal.} Nbd7 {[%cal Bb8d7,Bd7c5,Bc5e4][%mdl 32]} 13. h3 a6 14. dxc5 Nxc5 15. b4 $146 ({Predecessor:} 15. Qc2) 15... Nce4 16. Qc2 e5 17. Nxe4 Nxe4 18. Bd3 Nf6 {Threatens to win with ...e4.} 19. Be2 Rac8 20. Qb3 Ne4 21. Nd2 Ng5 22. Nf3 Nxf3+ 23. Bxf3 Bxf3 24. gxf3 Rc6 25. Qa4 Qb7 26. Kg2 e4 27. Bxg7 {aiming for Bb2.} exf3+ 28. Kg3 {Black must now prevent Bb2.} Kxg7 29. Rd4 {[#]} d5 $1 {[%mdl 512] And now ...Qc7+ would win.} 30. Qd1 (30. cxd5 Rxc1) 30... Rdc8 $36 {[%cal Rd5c4][%mdl 2048] Keeping White busy.} 31. Rxd5 Rxc4 32. Rxc4 Rxc4 $17 {[%mdl 4096] Endgame KQR-KQR} 33. a3 Qc7+ 34. Kxf3 Qh2 35. Qa1+ {[#]} (35. Qf1 $17 Rc6 36. Rd4) 35... Kh6 $1 $19 36. Qf1 Rc3 (36... Rh4 $17 37. Ke2 Rxh3) 37. a4 g5 ({Black should try} 37... Rc6 $15) 38. Qg2 $2 {[%mdl 8192]} (38. Ke2 $11 f6 39. a5) 38... Qf4+ $1 39. Ke2 Qc4+ {Precision: White = 38%, Black = 57%.} 0-1

[Event "HUN-chT 2017-18"]
[Site "Budapest"]
[Date "2018.05.05"]
[Round "8"]
[White "Nayhebaver, Martin"]
[Black "Horvath, David"]
[Result "1-0"]
[WhiteElo "2471"]
[BlackElo "2380"]
[Annotator "TA"]
[PlyCount "71"]
[EventDate "2018.??.??"]
[EventType "team-tourn"]
[EventCountry "HUN"]
[SourceTitle "playchess.com"]
[Source "ChessBase"]
[SourceQuality "1"]

{[%evp 29,71,15,12,30,44,46,45,51,68,59,66,47,236,228,239,230,249,178,187,158,486,466,457,463,468,443,433,428,454,462,515,380,379,372,529,500,522,496,462,351,335,342,345,349]} 1. e4 e6 2. d4 d5 3. Nd2 c5 4. exd5 exd5 5. Ngf3 {[%cal Bg1f3,Bf3d4,Bd4f5][%mdl 32]} Nf6 6. Bb5+ Bd7 7. Bxd7+ Nbxd7 {[%cal Bb8d7,Bd7c5,Bc5e4][%mdl 32]} 8. O-O Be7 9. dxc5 Nxc5 10. Nd4 Qd7 11. N2b3 Nce4 12. Qf3 O-O 13. Nf5 Bd8 14. Be3 Rc8 {C08: French Tarrasch: 3...c5 4 exd5 exd5 sidelines} 15. c3 a5 {LiveBook: 5 Games} 16. Nbd4 a4 {White has an edge.} 17. a3 Re8 18. Rad1 {[#]} Re5 $146 ({Predecessor:} 18... h5 19. Nc2 g6 20. Ng3 Qb5 21. Nb4 Rc4 22. h3 {½-½ (59) Grandelius,N (2646)-Savchenko,B (2550) Batumi 2018}) 19. Qh3 {Hoping for f3.} Bb6 20. Bf4 Ree8 $2 (20... Bxd4 $1 $14 21. Bxe5 (21. Nxd4 Qxh3 22. gxh3 Rh5 $14) 21... Bxe5) 21. f3 $18 Nxc3 22. bxc3 $40 {[%mdl 128] White is out for blood.} Rxc3 23. Bg5 {[%cal Bf4g5,Bg5f6,Bf6d4][%mdl 32]} Re5 {[#] And now ...Qxf5 would win.} 24. Bxf6 {White wants to mate with Qg4.} Rxf5 $2 (24... Qxf5 $16 {is more resistant.} 25. Bxe5 (25. Qxf5 Rxf5 26. Bd8 Bxd4+ 27. Rxd4 Rxa3 $16) 25... Qxe5) 25. Qg4 {[%csl Gf6][%cal Rg4g7]} g6 26. Kh1 h5 27. Qh4 Rc4 28. Qh3 ({Weaker is} 28. Nxf5 Rxh4 29. Ne7+ (29. Nxh4 Bc5 $16) 29... Kf8 $18) 28... Bxd4 29. Bxd4 ({Avoid the trap} 29. Rxd4 $2 Qc6 $19) 29... Qe7 30. f4 Qe4 31. Be5 Rc2 (31... d4 $142 32. Rfe1 Qd5) 32. Rfe1 Re2 33. Rxe2 Qxe2 {[%cal Re2d1] [#]} 34. Qd3 Qxd3 35. Rxd3 f6 36. Bb8 {Precision: White = 90%, Black = 47%.} 1-0

[Event "HUN-chT 2017-18"]
[Site "Budapest"]
[Date "2018.05.05"]
[Round "8"]
[White "Kovacs, Gabor"]
[Black "Kosanovic, Goran A"]
[Result "0-1"]
[WhiteElo "2456"]
[BlackElo "2344"]
[Annotator "TA"]
[PlyCount "82"]
[EventDate "2018.??.??"]
[EventType "team-tourn"]
[EventCountry "HUN"]
[SourceTitle "playchess.com"]
[Source "ChessBase"]
[SourceQuality "1"]

{[%evp 26,82,68,50,37,0,0,-18,0,0,0,-20,-26,-67,0,0,0,0,-4,-8,0,0,0,-95,-41,-35,-38,-29,0,0,-10,-6,-18,-138,-107,-98,-83,-263,-166,-245,-234,-254,-256,-262,-260,-278,-275,-260,-257,-344,-325,-321,-294,-474,-466,-466,-466,-450,-514]} 1. c4 e6 2. Nc3 d5 3. d4 c6 4. e3 Nf6 5. Nf3 Nbd7 6. Qc2 Bd6 7. b3 O-O 8. Be2 dxc4 9. bxc4 e5 10. O-O Qe7 11. Rd1 Re8 12. Bb2 {D45: Semi-Slav: 5 e3} (12. c5 Bc7 13. Bc4 h6 14. Nh4 Ng4 15. g3 Nf8 16. h3 Nf6 17. Nf5 Bxf5 18. Qxf5 Qd7 19. Qxd7 N8xd7 {0-1 (29) Hammer,J (2652)-Carlstedt,J (2457) Helsingor 2016}) 12... e4 13. Nd2 {[%cal Bf3d2,Bd2f1,Bf1g3][%mdl 32]} Nf8 14. Nf1 {LiveBook: 6 Games. White is slightly better.} Ng6 15. Ng3 h5 {[%cal Bh7h5,Bh5h4][%mdl 32]} 16. c5 $146 ({Predecessor:} 16. Bxh5 Nxh5 17. Nxh5 Bg4 18. Ng3 Bxd1 19. Rxd1 Bxg3 20. hxg3 {0-1 (50) Seifer,G-Gustafsson,J Germany 1993}) 16... Bc7 17. d5 {[#] And now d6 would win.} Qxc5 18. Qb3 h4 19. Nf1 Nxd5 (19... h3 $15 20. Ba3 Qb6) 20. Nxd5 $11 cxd5 21. Rxd5 Qe7 $1 {Threatens to win with ...Be6.} 22. Ba3 $1 $132 {[%cal Ra3e7][%mdl 2048] White is not keeping still} Qf6 23. Rc1 Be5 {[#] aiming for ...Be6.} 24. Rd2 (24. Bb5 $11 {remains equal.} Be6 25. Bxe8 Rxe8 26. Qa4 (26. Qxb7 h3 $11)) 24... b6 ({Better is} 24... a6 $17) 25. Bb5 $15 Be6 26. Qa4 Red8 {White must now prevent ...h3.} 27. Bc6 Rac8 28. Rxd8+ Rxd8 29. Qxe4 (29. Bxe4 $11 {keeps the balance.} Bf5 30. Bxf5 Qxf5 31. h3 (31. Qxa7 h3 $15)) 29... Bb2 30. Bxb2 Qxb2 31. Re1 $2 (31. Rc2 $17 Qf6 32. Qf3) 31... Qxa2 32. Qb4 (32. h3 $142) 32... Qc4 $19 33. Qxc4 Bxc4 34. Ra1 a5 {[%cal Ba7a5,Ba5a4][%mdl 32]} 35. f4 b5 36. Kf2 a4 37. Ke1 Ne7 38. Be4 f5 39. Bc2 $2 (39. Bb1 {might work better.}) 39... Bxf1 {Black is clearly winning.} 40. Kxf1 Rd2 41. Bd1 Nd5 {Precision: White = 45%, Black = 78%.} 0-1

[Event "HUN-chT 2017-18"]
[Site "Budapest"]
[Date "2018.05.05"]
[Round "8"]
[White "Groszpeter, Attila"]
[Black "Lyell, Mark"]
[Result "1-0"]
[WhiteElo "2435"]
[BlackElo "2289"]
[Annotator "TA"]
[PlyCount "117"]
[EventDate "2018.??.??"]
[EventType "team-tourn"]
[EventCountry "HUN"]
[SourceTitle "playchess.com"]
[Source "ChessBase"]
[SourceQuality "1"]

{[%evp 16,117,14,8,33,31,33,33,43,45,64,59,70,62,68,45,45,44,77,85,74,-147,0,0,0,-7,0,-9,-2,-29,-44,-40,-68,-45,14,7,83,76,84,54,97,19,95,91,153,103,134,114,208,203,256,266,251,252,350,304,283,296,295,296,270,282,516,219,266,200,230,242,298,300,214,191,183,113,212,215,212,226,467,471,458,443,529,514,1031,1002,1003,1027,1008,981,826,826,742,449,29988,29989,29989,1069,3280,2003,3409,2416,29973,29972]} 1. e4 c6 2. d4 d5 3. exd5 cxd5 4. Nf3 Nc6 5. Ne5 (5. Bb5 Bg4 6. h3 Bxf3 7. Qxf3 a6 8. Bxc6+ bxc6 9. O-O Nf6 10. c4 g6 11. Nc3 Bg7 12. Bf4 O-O 13. Rad1 {½-½ (59) Caruana,F (2811)-Dreev,A (2653) chess.com INT 2018}) 5... e6 6. Bb5 {B13: Caro-Kann: Exchange Variation and Panov-Botvinnik Attack} Bd7 7. Nxd7 Qxd7 8. c3 Bd6 9. O-O {LiveBook: 4 Games} Nge7 10. Nd2 O-O 11. Re1 $146 ({Predecessor:} 11. Nf3 Qc7 {1-0 (60) Broekmeulen,J (1939)-Karstens,L (1859) Roosendaal 2009}) 11... Rfc8 12. Qh5 Ng6 13. Bd3 Nce7 14. Nf3 h6 15. Ne5 Bxe5 16. dxe5 d4 17. c4 $1 a5 18. g4 $2 (18. Bd2 $16) 18... Rc5 (18... b5 $1 $17 {[%cal Rb5c4]} 19. b3 (19. cxb5 $2 Rxc1 20. Raxc1 Nf4 $19) 19... a4) 19. f4 $11 {[#]} b5 $1 {[%mdl 512]} 20. b3 $1 (20. cxb5 Rxc1) 20... bxc4 21. bxc4 Nc6 22. Bd2 Nb4 23. Be4 Rac8 24. a3 {[#]} Nc6 ({Black should try} 24... Nc2 $1 $15 {[%mdl 512]} 25. Bxc2 d3) 25. Bd3 Qc7 (25... a4 $11 {keeps the balance.}) 26. Qh3 Nce7 27. Qg3 Nf8 28. Qf3 ({Better is} 28. Rab1 $16) 28... Rd8 (28... Nd7 $1 $11 {remains equal.}) 29. Rab1 $36 {[%mdl 2048] White is really pushing.} Nc6 (29... Qc6 $142 30. Qe4 Qa4) 30. Rb2 Rb8 31. Reb1 Nd7 (31... Rxb2 $16 32. Rxb2 Qe7) 32. Rxb8+ $18 Ndxb8 33. Qe4 {Qh7+ is the strong threat.} g6 {[#]} 34. h4 $1 {[%cal Rh4h5]} Qd8 35. Be1 Nd7 36. h5 Nf8 37. hxg6 Nxg6 {[%cal Rc6e5]} 38. Bg3 Nce7 $2 (38... Qc8 {was worth a try.} 39. Rb5 Rxb5 40. cxb5 Nce7) 39. Qb7 (39. f5 $142) 39... Rc7 40. Qb8 Rc8 41. Qd6 Qe8 42. f5 ({Not} 42. Qxd4 Rd8 $16) 42... Nf8 43. Rb5 Rd8 44. Qc7 ({White should play} 44. Qc5 $18) 44... Nc6 (44... Rc8 $16 45. Qd6 (45. Qxa5 Qc6 $14) 45... Qd7) 45. Rc5 Rc8 46. Qd6 Ne7 $2 (46... Qd7 {was called for.} 47. Bf4 Qxd6 48. exd6 Nd7) 47. Rxc8 Nxc8 48. Qxd4 Qa4 49. f6 {And now Qe3 would win.} Qd1+ (49... Nd7 $142 50. Bf2 Ncb6) 50. Kg2 {Intending Bh7+! and mate.} Qd2+ 51. Bf2 Qg5 52. Be3 Qh4 53. Be2 Qe1 54. Qd2 Qa1 (54... Qxd2 $18 55. Bxd2 Ng6 56. Bxa5 Nxe5) 55. Bd4 Qb1 56. Qxh6 (56. Bd3 $142 Qxd3 57. Qxd3 Nd7 58. Be3 Nf8 59. Qd8 Nd6 60. exd6 e5 61. Bxh6 Kh8 62. Qxf8+ Kh7 63. Qg7#) 56... Qe4+ 57. Kg3 {[%csl Gf6][%cal Rh6g7]} Qg6 58. Qxg6+ Nxg6 59. Bf3 {Precision: White = 63%, Black = 23%.} 1-0

[Event "HUN-chT 2017-18"]
[Site "Budapest"]
[Date "2018.05.05"]
[Round "8"]
[White "Flumbort, Andras Dr"]
[Black "Cabarkapa, Novak"]
[Result "1/2-1/2"]
[WhiteElo "2431"]
[BlackElo "2438"]
[Annotator "TA"]
[PlyCount "96"]
[EventDate "2018.??.??"]
[EventType "team-tourn"]
[EventCountry "HUN"]
[SourceTitle "playchess.com"]
[Source "ChessBase"]
[SourceQuality "1"]

{[%evp 20,96,46,22,51,39,57,45,54,26,46,0,0,0,14,0,0,0,11,0,0,0,21,27,62,61,79,52,51,67,62,35,81,80,54,42,34,40,56,43,44,35,62,44,25,27,30,14,58,0,0,0,0,0,4,4,4,0,0,0,0,0,0,-8,-8,-8,-8,-10,-6,-7,0,0,0,0,1,1,8,-8,-8]} 1. d4 Nf6 2. c4 g6 3. Nc3 Bg7 4. Nf3 d6 5. g3 O-O 6. Bg2 Nc6 7. O-O e5 8. d5 Nb8 9. e4 a5 {E62: King's Indian: Fianchetto: 6...c6 and Panno Variation (6...Nc6) without ...a6} 10. Ne1 Na6 11. Nd3 {LiveBook: 50 Games} (11. f4 exf4 12. gxf4 Re8 13. Nd3 Ng4 14. h3 Bd4+ 15. Kh1 {½-½ (25) Inarkiev,E (2727)-Sutovsky,E (2650) Poikovsky 2017}) 11... b6 12. Rb1 $146 ({Predecessor:} 12. a3 Nc5 13. Rb1 Bd7 14. b4 axb4 15. axb4 Na4 16. Ne2 Nh5 17. Bd2 {0-1 (62) Tan,Z (2517)-Kulon,K (2370) Riadh 2017}) 12... Nc5 13. Nxc5 bxc5 14. a3 Nd7 15. b4 axb4 16. axb4 f5 17. bxc5 Nxc5 18. Be3 Nd7 19. f3 f4 20. Bf2 fxg3 21. hxg3 Nf6 22. Qd2 Nh5 23. Ra1 Rxa1 24. Rxa1 g5 $1 25. Ra8 Qe7 26. Nb5 g4 27. fxg4 Bxg4 28. Ra7 Qf6 29. Nxc7 {Black must now prevent c5.} Bh6 30. Qe1 {Threatens to win with Ra6.} Qg6 31. Ne6 Bxe6 32. dxe6 Qxe6 33. Ra6 {And now c5 would win.} Nf6 34. Qd1 (34. Qe2 $14) 34... Qxc4 $11 {The position is equal.} 35. Rxd6 Bg5 36. Rd8 Nxe4 37. Rxf8+ Kxf8 38. Qf3+ Nf6 39. Qf5 Qc1+ 40. Bf1 e4 {[#] Strongly threatening ...e3.} 41. Qc5+ Qxc5 42. Bxc5+ {[%mdl 4096] Endgame KBB-KBN} Kf7 43. Bd4 Nh5 44. Bc4+ Kg6 45. Kg2 Bf6 46. Be3 Be7 47. g4 Nf6 48. Kh3 h5 {Precision: White = 43%, Black = 56%.} 1/2-1/2

[Event "HUN-chT 2017-18"]
[Site "Budapest"]
[Date "2018.05.05"]
[Round "8"]
[White "Seres, Lajos"]
[Black "Erdos, Viktor"]
[Result "1/2-1/2"]
[WhiteElo "2425"]
[BlackElo "2622"]
[Annotator "TA"]
[PlyCount "24"]
[EventDate "2018.??.??"]
[EventType "team-tourn"]
[EventCountry "HUN"]
[SourceTitle "playchess.com"]
[Source "ChessBase"]
[SourceQuality "1"]

{[%evp 16,24,33,22,34,35,65,46,52,52,51]} 1. d4 Nf6 2. Nf3 d5 3. c4 e6 4. g3 c5 5. cxd5 cxd4 6. dxe6 {E01: Catalan: Early deviations} (6. Bg2 Qxd5 7. Qxd4 Nc6 8. Qh4 Qe4 9. Qxe4 Nxe4 10. Nbd2 Nxd2 11. Bxd2 Bd7 12. O-O Be7 13. Bc3 {1-0 (77) Kamsky,G (2673)-Zvjaginsev,V (2660) Sochi 2015}) 6... Bxe6 7. Qxd4 Nc6 {[%cal Bb8c6,Bc6b4,Bb4a2][%mdl 32]} 8. Qxd8+ Rxd8 9. Bg2 {LiveBook: 4 Games} Nb4 {[#] ( -> ...Nc2+)} 10. Na3 {White is slightly better.} Nxa2 11. Be3 $146 ({Predecessor:} 11. O-O Bxa3 12. bxa3 Nc3 13. Re1 {½-½ (26) Hejazipour,M (2249)-Saduakassova,D (2335) Tabriz 2014}) 11... Bb4+ 12. Kf1 Bxa3 1/2-1/2

[Event "HUN-chT 2017-18"]
[Site "Budapest"]
[Date "2018.05.05"]
[Round "8"]
[White "Drazic, Sinisa"]
[Black "Jankovic, Alojzije"]
[Result "0-1"]
[WhiteElo "2422"]
[BlackElo "2563"]
[Annotator "TA"]
[PlyCount "152"]
[EventDate "2018.??.??"]
[EventType "team-tourn"]
[EventCountry "HUN"]
[SourceTitle "playchess.com"]
[Source "ChessBase"]
[SourceQuality "1"]

{[%evp 24,151,0,0,0,0,0,0,0,0,0,0,0,0,8,15,18,15,58,0,69,75,66,8,8,-25,-29,-115,0,0,0,0,6,0,0,0,18,5,6,6,2,2,33,20,25,27,26,25,34,-7,33,0,0,0,0,0,0,0,0,0,0,0,0,0,0,0,0,0,0,0,8,0,0,-626,-625,-29951,-29956,-29961,-29965,-29969,-29968,-29969,-29970,-29970,-29971,-29971,-29972,-29971,-29972,-29972,-29968,-29972,-29973,-29974,-29975,-29973,-29974,-29974,-29969,-29968,-29970,-29970,-29971,-29971,-29969,-29969,-29970,-29970,-29971,-29971,-29971,-29971,-29972,-29972,-29970,-29971,-29971,-29974,-29975,-29975,-29976,-29976,-29976,-29976,-29977,-29976,-29977,-29976,-29974,-29999]} 1. d4 Nf6 2. c4 g6 3. Nc3 Bg7 4. e4 d6 5. Bd3 O-O 6. Nge2 c6 7. f3 a6 8. a4 a5 9. Be3 Na6 10. Rc1 e5 {E80: King's Indian: Sämisch: Lines without early ...0-0} 11. Qd2 Nd7 12. O-O exd4 13. Nxd4 {LiveBook: 3 Games} Ndc5 14. Rcd1 Nxd3 15. Qxd3 Nc5 16. Qc2 Qb6 17. Nce2 $146 ({Predecessor:} 17. Rb1) 17... Re8 18. Bf2 Qb4 19. b3 Bd7 20. Nc1 Rac8 21. Qb1 (21. Nd3 $14 Qb6 22. Nxc5 dxc5 23. Nb5) 21... d5 ({Black should try} 21... Qb6 $11) 22. Nc2 $14 Qb6 23. Nd3 (23. b4 $1 $14 axb4 24. Nb3) 23... Bf8 $11 24. b4 (24. cxd5 {feels hotter.} cxd5 25. Ne3 Qxb3 26. Nxc5 Qxb1 27. Rxb1 Bxc5 28. Nxd5 Kg7 29. Nb6) 24... axb4 25. Ncxb4 (25. cxd5 $11 cxd5 26. Ndxb4 Bxa4 27. Qa1) 25... Qa5 (25... dxe4 $17 26. fxe4 (26. Nxc5 $2 Bxc5 27. Rxd7 e3 $19) 26... Bg4) 26. cxd5 Nxd3 27. Nxd3 cxd5 28. Nf4 Bxa4 29. Nxd5 {aiming for Nf6+.} Bg7 30. Rc1 Rxc1 31. Rxc1 Bc6 32. Rd1 f5 33. Bb6 Qb5 34. Qxb5 Bxb5 35. Nc7 Ba4 36. Rd5 {Strongly threatening Ra5.} (36. Nxe8 $5 {[%cal Rd1d8]} Bxd1 37. exf5 $14) 36... Rf8 37. e5 Bc6 38. Ra5 Rc8 39. Kf2 Bf8 40. Nd5 Kf7 41. Ke3 Bxd5 42. Rxd5 {[%mdl 4096] Endgame KRB-KRB} Ke6 43. Rb5 Rc2 44. g3 Rxh2 45. Bd4 h5 46. Rxb7 h4 47. Rb6+ Kd5 48. gxh4 $2 {[%mdl 8192]} (48. Rb5+ $11 Kc4 49. Rb8) 48... Rxh4 $19 49. Rxg6 Rxd4 $11 {KRB-KR. Black mates.} 50. Rf6 {[#]} f4+ $1 51. Kf2 (51. Rxf4 Bh6) 51... Bg7 52. Ra6 Bxe5 53. Kg2 Rd1 54. Ra5+ Ke6 55. Ra6+ Kf5 56. Ra5 Ra1 57. Rb5 Ke6 58. Rb6+ Bd6 59. Rb5 Rc1 60. Ra5 Bc5 61. Kh3 Be3 62. Ra6+ Ke5 63. Ra5+ Kd4 64. Kg4 Rg1+ 65. Kf5 Rg3 66. Ra4+ Kd3 67. Ra3+ Ke2 68. Ke4 Rg8 69. Ra2+ Bd2 70. Rb2 Rd8 71. Ra2 Kf2 72. Rb2 Kg3 73. Rb7 Re8+ 74. Kd3 Be3 75. Ke2 Bf2+ 76. Kf1 Re1# {Precision: White = 58%, Black = 71%.} 0-1

[Event "HUN-chT 2017-18"]
[Site "Budapest"]
[Date "2018.05.05"]
[Round "8"]
[White "Popovics, Adam"]
[Black "Hajnal, Zoltan"]
[Result "1/2-1/2"]
[WhiteElo "2382"]
[BlackElo "2397"]
[Annotator "NA"]
[PlyCount "81"]
[EventDate "2018.??.??"]
[EventType "team-tourn"]
[EventCountry "HUN"]
[SourceTitle "playchess.com"]
[Source "ChessBase"]
[SourceQuality "1"]
[TimeControl "40/5400+30:1800+30"]

1. Nf3 {[%emt 0:00:07]} d5 {[%emt 0:00:42]} 2. c4 {[%emt 0:00:31]} c6 {[%emt 0:00:12]} 3. e3 {[%emt 0:00:11]} Nf6 {[%emt 0:00:09]} 4. Nc3 {[%emt 0:00:06]} Bf5 {[%emt 0:00:19]} 5. cxd5 {[%emt 0:00:23]} cxd5 {[%emt 0:00:06]} 6. Qb3 {[%emt 0:00:07]} Bc8 {[%emt 0:00:12]} 7. d4 {[%emt 0:00:35]} Nc6 {[%emt 0:00:06]} 8. Bd3 {[%emt 0:01:49]} e6 {[%emt 0:00:07]} 9. O-O {[%emt 0:00:37]} Bd6 {[%emt 0:02:25]} 10. e4 {[%emt 0:11:39]} dxe4 {[%emt 0:02:35]} 11. Nxe4 {[%emt 0:00:06]} Be7 {[%emt 0:01:04]} 12. Bg5 {[%emt 0:08:06]} O-O {[%emt 0:03:36]} 13. Rad1 {[%emt 0:11:28]} Nd5 {[%emt 0:36:11]} 14. Bb1 {[%emt 0:07:04]} h6 {[%emt 0:03:31]} 15. Be3 {[%emt 0:04:59]} Qb6 {[%emt 0:22:41]} 16. Qc2 {[%emt 0:03:32]} Ncb4 {[%emt 0:02:39]} 17. Qd2 {[%emt 0:06:38]} Rd8 {[%emt 0:13:33]} 18. Ne5 {[%emt 0:18:13]} f5 {[%emt 0:01:54]} 19. Nc3 {[%emt 0:02:49]} Bf6 {[%emt 0:00:55]} 20. a3 {[%emt 0:05:02]} Nxe3 {[%emt 0:04:22]} 21. Qxe3 {[%emt 0:00:08]} Nc6 {[%emt 0:00:44]} 22. Nxc6 {[%emt 0:04:34]} bxc6 {[%emt 0:00:08]} 23. Na4 {[%emt 0:02:30]} Qb5 {[%emt 0:00:09]} 24. Bc2 {[%emt 0:01:14]} Rd6 {[%emt 0:00:25]} 25. Rfe1 {[%emt 0:00:52]} Bd7 {[%emt 0:02:21]} 26. Qf4 {[%emt 0:01:31]} e5 {[%emt 0:00:45]} 27. dxe5 {[%emt 0:02:17]} Rxd1 {[%emt 0:00:05]} 28. Rxd1 {[%emt 0:01:41]} Bxe5 {[%emt 0:00:05]} 29. Qe3 {[%emt 0:01:15]} Re8 {[%emt 0:01:58]} 30. Qxa7 {[%emt 0:02:05]} Bc8 {[%emt 0:00:37]} 31. Qb6 {[%emt 0:02:17]} Qxb6 {[%emt 0:00:43]} 32. Nxb6 {[%emt 0:00:05]} Bxb2 {[%emt 0:00:04]} 33. Nxc8 {[%emt 0:00:50]} Rxc8 {[%emt 0:00:04]} 34. a4 {[%emt 0:00:27]} Ra8 {[%emt 0:00:58]} 35. Rd7 {[%emt 0:00:56]} Kf8 {[%emt 0:00:48]} 36. Kf1 {[%emt 0:00:25]} c5 {[%emt 0:00:31]} 37. Rd5 {[%emt 0:00:22]} Bd4 {[%emt 0:00:13]} 38. Rxf5+ {[%emt 0:00:14]} Ke7 {[%emt 0:00:06]} 39. Ke2 {[%emt 0:00:30]} Ke6 {[%emt 0:00:22]} 40. Rf3 {[%emt 0:00:00]} Kd5 {[%emt 0:00:17]} 41. Kd2 {[%emt 0:07:58]} 1/2-1/2